| 000 | 00384nam a2200145 a 4500 | ||
|---|---|---|---|
| 001 | 2585 | ||
| 003 | CDMR | ||
| 005 | 20130802113057.0 | ||
| 008 | 130130s ||||||||||||||||||||||||||||d | ||
| 040 |
_aCDMR _bcat _cCPC LLEIDA |
||
| 100 | 1 |
_aLlop, Carles _91940 |
|
| 245 | 1 | 0 |
_aLleida, el renaixement del centre històric _cLLOP, Carles, PRIM, Toni |
| 260 |
_aMataró _bZeus |
||
| 942 |
_cMON _2udc |
||
| 999 |
_c2585 _d2585 |
||